Iceland Frozen Foods plc v Starlight Investments Ltd (Record no. 34192)

MARC details
000 -LEADER
fixed length control field 01754cab a2200241 4500
001 - CONTROL NUMBER
control field ABS45936
008 - FIXED-LENGTH DATA ELEMENTS--GENERAL INFORMATION
fixed length control field 090401t1992 xxu||||| |||| 00| 0 eng d
035 ## - SYSTEM CONTROL NUMBER
System control number (Sirsi) u55973
041 ## - LANGUAGE CODE
Language code of text/sound track or separate title eng
245 ## - TITLE STATEMENT
Title Iceland Frozen Foods plc v Starlight Investments Ltd
260 ## - PUBLICATION, DISTRIBUTION, ETC.
Date of publication, distribution, etc. 1992
350 ## - PRICE (NR) (BK AM CF MU VM SE) [OBSOLETE]
Price 0
490 ## - SERIES STATEMENT
Series statement Estates Gazette
Volume/sequential designation (1992) 07 EG 117-118(2)
520 ## - SUMMARY, ETC.
Summary, etc. CA 16 December 1991. Concerned the construction of the rent review clause in a lease. An appeal by the defendant landlord, S, from an order on the hearing of an originating summons seeking a declaration as to the meaning of rent review provisions. The premises were divided into two units; one occupied by the tenant, the other a subtenant. The lease provided for five-yearly rent reviews to an open market rent, being the best yearly rack-rent at which the premises might reasonably be expected to be let as a whole or in parts and assuming, if not in fact, that the premises remain in existence and be ready for immediate occupation and use. S had two principal contentions as to the correct construction of the clause. 1) the ground floor may be regarded as divided or capable of division into seven units and that the tenants may be prepared to pay higher rent as they might get consent for the subdivision, paying a continuous rent but on the basis the tenant would be carrying out the convers
650 ## - SUBJECT ADDED ENTRY--TOPICAL TERM
Topical term or geographic name entry element CONSTRUCTION OF CLAUSE
650 ## - SUBJECT ADDED ENTRY--TOPICAL TERM
Topical term or geographic name entry element NORWICH UNION LIFE ASSURANCE SOCIETY V TRUSTEE SAVINGS BANK CENTRAL BO
650 ## - SUBJECT ADDED ENTRY--TOPICAL TERM
Topical term or geographic name entry element ORCHID LODGE (UK) LTD V EXTEL COMPUTING LTD
650 ## - SUBJECT ADDED ENTRY--TOPICAL TERM
Topical term or geographic name entry element RENT REVIEWS
650 ## - SUBJECT ADDED ENTRY--TOPICAL TERM
Topical term or geographic name entry element TRUSTHOUSE FORTE ALBANY HOTELS LTD V DAEJAN INVESTMENTS LTD
690 ## - LOCAL SUBJECT ADDED ENTRY--TOPICAL TERM (OCLC, RLIN)
Topical term or geographic name as entry element LANDLORD AND TENANT-CASE LAW-RENT REVIEWS
942 ## - ADDED ENTRY ELEMENTS (KOHA)
Suppress in OPAC 0
948 ## - LOCAL PROCESSING INFORMATION (OCLC); SERIES PART DESIGNATOR (RLIN)
c (OCLC) 04/03/1997
Holdings
Withdrawn status Lost status Source of classification or shelving scheme Damaged status Not for loan Home library Current library Shelving location Date acquired Total Checkouts Full call number Barcode Date last seen Copy number Price effective from Koha item type
    Dewey Decimal Classification     London London Journal article 14/09/1999   ABS45936 55973-1001 06/08/2019 1 06/08/2019 Law report